NUMERICAL MODELING IN SCIENCE AND ENGINEERING (Record no. 573456)
[ view plain ]
| 000 -LEADER | |
|---|---|
| fixed length control field | 00323nam a22001217a 4500 |
| 020 ## - INTERNATIONAL STANDARD BOOK NUMBER | |
| International Standard Book Number | 0-471-80635-8 |
| 082 ## - DEWEY DECIMAL CLASSIFICATION NUMBER | |
| Classification number | 507.24 ALL'N |
| 100 ## - MAIN ENTRY--PERSONAL NAME | |
| Personal name | ALLEN, M. B , HERRERA, I , PINDER, G. F |
| 9 (RLIN) | 65153 |
| 245 ## - TITLE STATEMENT | |
| Title | NUMERICAL MODELING IN SCIENCE AND ENGINEERING |
| 260 ## - PUBLICATION, DISTRIBUTION, ETC. | |
| Place of publication, distribution, etc. | NEWYORK |
| Name of publisher, distributor, etc. | JOHN WILEY |
| Date of publication, distribution, etc. | 1988 |
| 300 ## - PHYSICAL DESCRIPTION | |
| Extent | 410P |
| 942 ## - ADDED ENTRY ELEMENTS (KOHA) | |
| Koha item type | Book |
| Withdrawn status | Lost status | Source of classification or shelving scheme | Damaged status | Not for loan | Permanent Location | Current Location | Shelving location | Date acquired | Full call number | Barcode | Date last seen | Price effective from | Koha item type | Public note |
|---|---|---|---|---|---|---|---|---|---|---|---|---|---|---|
| College of Electrical & Mechanical Engineering (CEME) | College of Electrical & Mechanical Engineering (CEME) | General Stacks | 07/27/2017 | 507.24 ALL'N | CEME-22921 | 06/28/2021 | 06/28/2021 | Book | 3.7 |
